Italian colonialism

Αποθηκεύτηκε σε:
Λεπτομέρειες βιβλιογραφικής εγγραφής
Άλλοι συγγραφείς: Ben-Ghiat, Ruth (Επιμελητής έκδοσης), Fuller, Mia 1958- (Επιμελητής έκδοσης)
Μορφή: Βιβλίο
Γλώσσα:English
Δημοσίευση: New York : Palgrave Macmillan, 2005
Σειρά:Italian and Italian American studies (Palgrave Macmillan (Firm))
Θέματα:
Ετικέτες: Προσθήκη ετικέτας
Δεν υπάρχουν, Καταχωρήστε ετικέτα πρώτοι!

MARC

LEADER 00000cam a2200000 i 4500
001 1/4748
008 100222s2005 eng d
020 |a 978-0-230-60636-4 (pbk.) 
020 |a 0-230-60636-9 (pbk.) 
035 |l 10106908 
040 |a GR-MY-UA  |b gre  |e aacr 
041 0 |a eng 
082 0 |a 325.345096  |2 (22) 
245 1 0 |a Italian colonialism /  |c edited by Ruth Ben-Ghiat and Mia Fuller 
260 |a New York :   |b Palgrave Macmillan,   |c 2005 
300 |a xxii, 266 σ.;  |b εικ., χάρτες;  |c 22 εκ. 
490 1 |a Italian and Italian American studies 
504 |a Βιβλιογραφία: σ. [245]-260 
504 |a Ευρετήριο: σ. [261]-266 
651 0 |a Italy  |x Colonies  |y Africa  |x History. 
651 0 |a Italy  |x Colonies  |y Africa  |x Administration  |x History. 
700 1 |a Ben-Ghiat, Ruth.  |4 edt 
700 1 |a Fuller, Mia  |d 1958-  |4 edt 
830 0 |a Italian and Italian American studies (Palgrave Macmillan (Firm)) 
852 |a INST  |b LESVOS  |e 20100222  |h 325.345096 ITA  |p 005100046107  |q 005100046107  |t BK  |y 0 
901 |a BIBL1-2010-1 
909 |a Λ  |b 162872 
970 |a ΚΑΡΑ  |b ΓΙΑΣΕΜΗ  |z 2010/02/22